000 00793nam a2200229Ia 4500
008 130821s1992 xxu gr eng
020 _a521367689
040 _aCo-BoUCM
_bspa
041 0 0 _aeng
245 0 4 _aThe Cambridge companion to Kant
_cEdited by Paul Guyer.
260 _aNueva York (Estados Unidos)
_bCambridge University Press
_c1992
300 _a482 páginas
504 _aIncluye bibliografía e índices
600 _aKant, Immanuel
_d1724-1804
_929776
600 1 4 _aKant, Immanuel
_d1724-1804
_xCrítica e interpretación, etc.
_974977
650 0 4 _aFilosofía alemana
_97622
650 0 4 _aFilosofía
_975
650 0 4 _aFilósofos alemanes
_915859
700 1 _aGuyer, Paul.
_eed.
_9122290
942 _cLIBRO
_a2
_e1
_mC178
_2DEWEY
_h193
999 _c26064
_d26064